Argentina: libro de lectura para sexto grado
保存先:
| 第一著者: | |
|---|---|
| フォーマット: | 図書 |
| 言語: | スペイン語 |
| 出版事項: |
Buenos Aires
Angel Estrada
1958
|
| 版: | 10a. ed |
| 主題: | |
| タグ: |
タグ追加
タグなし, このレコードへの初めてのタグを付けませんか!
|
MARC
| LEADER | 00000nam a2200000 a 4500 | ||
|---|---|---|---|
| 001 | UCQ2118 | ||
| 003 | CL-VaPUC | ||
| 008 | 980721e19580000AG |||||||||||||||||spa|d | ||
| 082 | 0 | 4 | |a 372.4 |b SAN |2 21 |
| 100 | 0 | |a Santa Cruz de Sarobe, María Cristina |e author |9 416038 | |
| 245 | 1 | 0 | |a Argentina: libro de lectura para sexto grado |
| 250 | |a 10a. ed | ||
| 300 | |a 372 p | ||
| 942 | |c BK | ||
| 945 | |d 19980721 00:00:00 |a crobeson | ||
| 260 | |a Buenos Aires |b Angel Estrada |c 1958 | ||
| 650 | 0 | |a Educación básica |9 224933 | |
| 650 | 0 | |a Métodos de enseñanza |9 270413 | |
| 650 | 0 | |a Enseñanza de la lectura |9 308364 | |
| 583 | |a last modification |c 19980721 00:00:00 |k Rodrigo Vera | ||
| 999 | |c 272959 |d 272957 | ||
| 952 | |0 0 |1 0 |4 0 |6 372_400000000000000_SAN_1958 |7 0 |8 A |9 308191 |a BIBEDU |b BIBEDU |d 2019-11-20 |i 1439235 |o 372.4 SAN 1958 |p 1439235 |r 2019-11-20 |w 2019-11-20 |y BK |k LIT | ||